Catálogo

MANUAL DE PRODUCCION HORTICOLA EN INVERNADERO (Registro nro. 50417)

Detalles MARC
000 -LEADER
fixed length control field 00613nam a2200181 a 4500
001 - CONTROL NUMBER
control field 50417
005 - DATE AND TIME OF LATEST TRANSACTION
control field 20180714035457.0
008 - FIXED-LENGTH DATA ELEMENTS--GENERAL INFORMATION
fixed length control field 140415s2003 mx 000 0 spa d
041 ## - LANGUAGE CODE
Language code of text/sound track or separate title spa
082 ## - DEWEY DECIMAL CLASSIFICATION NUMBER
Classification number 635
Item number MUÑ
100 1# - MAIN ENTRY--PERSONAL NAME
Personal name MUÑOZ RAMOS, JOSE DE JESUS
245 10 - TITLE STATEMENT
Title MANUAL DE PRODUCCION HORTICOLA EN INVERNADERO
250 ## - EDITION STATEMENT
Edition statement 1a ed.
260 ## - PUBLICATION, DISTRIBUTION, ETC.
Place of publication, distribution, etc. MEXICO :
Name of publisher, distributor, etc. INCAPA,
Date of publication, distribution, etc. 2003
300 ## - PHYSICAL DESCRIPTION
Extent 816
Dimensions 21.6 x 2 x 27.7
520 ## - SUMMARY, ETC.
Summary, etc. PERMITE AFRONTAR PROBLEMAS DE ESTA ACTIVIDAD Y RESOLVERLOS EXITOSA Y RENTABLEMENTE EN BENEFICIO DE LOS PRODUCTORES NACIONALES
650 14 - SUBJECT ADDED ENTRY--TOPICAL TERM
Topical term or geographic name entry element HORTICULTURA
General subdivision INVERNADEROS
Existencias
Withdrawn status Lost status Source of classification or shelving scheme Damaged status Not for loan Collection code Home library Current library Shelving location Date acquired Source of acquisition Inventory number Total Checkouts Full call number Barcode Date last seen Price effective from Koha item type
    Dewey Decimal Classification     General Biblioteca Karol Wojtyla Biblioteca Karol Wojtyla Área de silencio 03/12/2013 Compra 151000000000000000011546   635 MU 75177 05/01/2026 03/12/2013 Libro